000 00319nam a2200133Ia 4500
008 190216s9999||||xx |||||||||||||| ||und||
100 _aK.Venugopalan
245 0 _aReserch Methadolagy
250 _a1st Ed.
260 _bCalicut University Central Co-Operative
_c2004
300 _a279
650 _aM.Com
942 _cBK
999 _c8285
_d8285